| 000 | 01503cam a2200361 i 4500 | ||
|---|---|---|---|
| 001 | brickbook00hayw | ||
| 003 | CaSfIA | ||
| 005 | 20210117221704.0 | ||
| 007 | cr|||| | ||
| 008 | 770228s1977 nyua 001 0 eng | ||
| 010 | _a 77000022 | ||
| 040 |
_aDLC _cDLC _dOCL _dOCLCQ _dWPG _dNIALS _dCaSfIA |
||
| 020 | _a0690014481 | ||
| 020 | _a9780690014488 | ||
| 035 | _a(OCoLC)2818777 | ||
| 050 | 0 |
_aTH1301 _b.H39 1977 |
|
| 082 | 0 | 0 | _a693.2/1 |
| 100 | 1 | _aHayward, Robert. | |
| 245 | 1 | 4 |
_aThe brick book / _h[electronic resource] _cRobert Hayward. |
| 260 |
_aNew York : _bT.Y. Crowell, _cc1977. |
||
| 300 |
_a192 p. : _bill. ; _c27 cm. |
||
| 500 | _aIncludes index. | ||
| 650 | 0 |
_aBuilding, Brick _vAmateurs' manuals. |
|
| 650 | 0 |
_aBricklaying _vAmateurs' manuals. |
|
| 776 | 0 | 8 |
_iOnline version: _aHayward, Robert. _tBrick book. _dNew York : T.Y. Crowell, c1977 _w(OCoLC)557870126 |
| 856 | 4 | 1 |
_uhttp://www.archive.org/details/brickbook00hayw _zFree eBook from the Internet Archive |
| 856 | 4 | 2 |
_uhttp://www.openlibrary.org/books/OL4534408M _zAdditional information and access via Open Library |
| 029 | 1 |
_aNZ1 _b4237023 |
|
| 029 | 1 |
_aAU@ _b000000855636 |
|
| 942 | _cEB | ||
| 506 | _fНеобхідна авторизація на https://archive.org/ (створення облікового запису безкоштовно) | ||
| 506 | _fНеобхідна авторизація на https://openlibrary.org/ (створення облікового запису безкоштовно) | ||
| 999 |
_c476500 _d476500 |
||